000 00363nam a2200121 4500
999 _c9769
_d9769
008 180717b ||||| |||| 00| 0 eng d
100 _928965
_aButuyan, Joel Ruiz
245 _aIncome taxes, wealth and poverty/
_cJoel Ruiz Butuyan
260 _aPhilippines
_bPhilippine Daily Inquirer
_cc2015
300 _apage A16.
650 0 _928966
_aTaxation.
942 _2ddc
_cPER